Riconosci la Squadra di calcio - Quiz n°84 - Statistics

Statistiche generali
  • Questo quiz è stato fatto 13 volte
  • Il punteggio medio è 9 su 10
Statistiche sulle risposte
Indizio Risposta % Corretto
Colori sociali Blu, bianco
100%
Trofei nazionali 19 Coppe di Portogallo
1 Coppe di Lega portoghese
23 Supercoppe di Portogallo
4 Campeonato de Portugal
92%
Trofei internazionali 2 Coppe dei Campioni/Champions League
2 Coppe UEFA/Europa League
1 Supercoppe UEFA
2 Coppe Intercontinentali
92%
Titoli nazionali 30 Primeira Liga
92%
Simboli Drago
92%
Divisione nazionale 2023-2024 Prima
92%
Confederazione UEFA
92%
Fondazione 1893
83%
Capienza Stadio 52 000 posti
83%
Squadra Porto
83%
Nessun quiz corrispondente trovato
Distribuzione punteggi
Percentuale di utenti per punteggio
Percentile per numero di risposta
I tuoi punteggi nel tempo
Non hai fatto questo quiz